[Event "DVM U14w 2020"]
[Site "Willingen GER"]
[Date "2021.06.27"]
[Round "7"]
[White "Claussen, Daniela"]
[Black "Kube, Maja"]
[Result "0-1"]
[Termination "normal"]
[Board "8.3"]
[WhiteElo "992"]
[BlackElo "979"]
[WhiteTeam "Schachfreunde Essen-Werden"]
[BlackTeam "SC Papenburg"]
[PlyCount "90"]
[WhiteFideId "16248929"]
[BlackFideId "16298268"]
[EventCountry "GER"]
[EventRounds "7"]
[EventType "team-swiss"]
[EventDate "2021.06.23"]

1. e3 d5 2. b3 e5 3. Bb2 Bd6 4. f4 Qe7 5. Nf3 Nd7 6. Be2 Ngf6 7. O-O e4 8. Nd4
g6 9. d3 a6 10. Nd2 O-O 11. Qe1 c5 12. f5 cxd4 13. Bxd4 Be5 14. Bxe5 Nxe5 15.
c4 exd3 16. Bd1 Bxf5 17. Bf3 Nxf3+ 18. Rxf3 Nh5 19. g3 Be4 20. Rf2 dxc4 21.
bxc4 f5 22. Nxe4 Qxe4 23. Rc1 Rad8 24. Rd2 Rd7 25. Qf1 Qxe3+ 26. Qf2 Qxf2+ 27.
Kxf2 Rfd8 28. Rc3 g5 29. Ke3 f4+ 30. Kf3 Nf6 31. gxf4 g4+ 32. Ke3 h5 33. Rcxd3
h4 34. Rxd7 Rxd7 35. Rb2 g3 36. hxg3 hxg3 37. Kf3 Rd3+ 38. Kg2 Nh5 39. Rxb7
Nxf4+ 40. Kg1 g2 41. Kf2 Rd2+ 42. Kg1 Rd1+ 43. Kf2 g1=Q+ 44. Kf3 Qg2+ 45. Kxf4
Qxb7 0-1

[Event "DVM U14w 2020"]
[Site "Willingen GER"]
[Date "2021.06.27"]
[Round "7"]
[White "Rotärmel, Leonie"]
[Black "von Beckh, Frieda"]
[Result "1-0"]
[Termination "normal"]
[Board "9.1"]
[WhiteElo "1417"]
[BlackElo "1610"]
[WhiteTeam "SV Oberursel"]
[BlackTeam "SV Multatuli Ingelheim e.V."]
[PlyCount "101"]
[WhiteFideId "16281390"]
[BlackFideId "16233751"]
[EventCountry "GER"]
[EventRounds "7"]
[EventType "team-swiss"]
[EventDate "2021.06.23"]

1. e4 d5 2. exd5 Nf6 3. d4 Bg4 4. Be2 Bxe2 5. Nxe2 Qxd5 6. f3 Nc6 7. Nbc3 Qd7
8. Be3 O-O-O 9. Qd2 e6 10. O-O-O Bb4 11. Qd3 Nd5 12. Nxd5 Qxd5 13. Kb1 Be7 14.
Nc3 Qa5 15. Qb5 Qxb5 16. Nxb5 Bf6 17. c3 a6 18. Na3 Rd7 19. Rd2 Rhd8 20. Rhd1
Ne7 21. g3 Nf5 22. Bf2 e5 23. d5 Ne7 24. c4 Nf5 25. Nc2 Nd6 26. Na3 b5 27. cxb5
axb5 28. Bc5 Nf5 29. Nxb5 Nd4 30. Nxd4 exd4 31. Bxd4 Rxd5 32. Be3 Rxd2 33. Rxd2
Rxd2 34. Bxd2 Bd4 35. h3 f5 36. Bf4 h5 37. Kc2 Kd7 38. b4 Bf6 39. h4 g6 40. b5
Bd4 41. Kd3 Bb6 42. Be3 Bxe3 43. Kxe3 Kd6 44. Kd4 c5+ 45. bxc6 Kxc6 46. Ke5 Kc5
47. Kf6 Kd4 48. Kxg6 Ke3 49. Kxf5 Kxf3 50. Kg5 Kxg3 51. a4 1-0

[Event "DVM U14w 2020"]
[Site "Willingen GER"]
[Date "2021.06.27"]
[Round "7"]
[White "Albrecht, Angelique"]
[Black "Neininger, Sarah"]
[Result "0-1"]
[Termination "normal"]
[Board "9.2"]
[WhiteElo "1263"]
[BlackElo "1469"]
[WhiteTeam "SV Multatuli Ingelheim e.V."]
[BlackTeam "SV Oberursel"]
[PlyCount "68"]
[WhiteFideId "16298284"]
[BlackFideId "16287410"]
[EventCountry "GER"]
[EventRounds "7"]
[EventType "team-swiss"]
[EventDate "2021.06.23"]

1. d4 d5 2. c4 e6 3. Nc3 c5 4. e3 Nc6 5. Nf3 Nf6 6. Be2 Be7 7. O-O O-O 8. a3 b6
9. b3 Bb7 10. Bb2 dxc4 11. bxc4 Qd7 12. Qd2 e5 13. d5 Na5 14. Rab1 Qf5 15. Qd1
Ba6 16. Nd2 Bd6 17. e4 Qd7 18. Qc2 Ng4 19. h3 Nh6 20. Bd3 f5 21. exf5 Nxf5 22.
Ne2 b5 23. cxb5 Bxb5 24. Bxb5 Qxb5 25. Ng3 Nxg3 26. fxg3 Rxf1+ 27. Rxf1 Re8 28.
Ne4 Qc4 29. Qf2 Rf8 30. Nxd6 Rxf2 31. Nxc4 Rxf1+ 32. Kxf1 Nxc4 33. Bc3 Ne3+ 34.
Kf2 34... Nd1+ {es folgte 35.Se3 Sxc3 36.d6 Kf7 37.d7 Ke7 38.d8D+ Kxd8 39.Kd3
Sb5 40.a4 Sd4 41.Kc4 e4 42.g4 e3 43.Kd3 e2R} 0-1

[Event "DVM U14w 2020"]
[Site "Willingen GER"]
[Date "2021.06.27"]
[Round "7"]
[White "Richter, Johanna"]
[Black "Gyácsok, Dzvinka"]
[Result "1-0"]
[Termination "normal"]
[Board "9.3"]
[WhiteElo "1178"]
[BlackElo "1041"]
[WhiteTeam "SV Oberursel"]
[BlackTeam "SV Multatuli Ingelheim e.V."]
[PlyCount "99"]
[WhiteFideId "16278925"]
[BlackFideId "16298292"]
[EventCountry "GER"]
[EventRounds "7"]
[EventType "team-swiss"]
[EventDate "2021.06.23"]

1. d4 d5 2. c4 e6 3. Nc3 Nf6 4. Bg5 Nbd7 5. Nf3 Be7 6. cxd5 Nxd5 7. Bxe7 Qxe7
8. Nxd5 exd5 9. e3 O-O 10. Bd3 b6 11. O-O Bb7 12. Qc2 Nf6 13. Rac1 Rac8 14. Qe2
Rcd8 15. Rc2 Qd6 16. Rfc1 Rd7 17. b3 Rb8 18. Ne5 Re7 19. Ba6 Qa3 20. Bxb7 Rxb7
21. Nc6 Re8 22. b4 Re6 23. Nd8 Qxb4 24. Nxb7 Re7 25. Rxc7 Rxc7 26. Rxc7 Kf8 27.
Qd3 Qe1+ 28. Qf1 Qd2 29. Qb1 g6 30. Rc2 Qxc2 31. Qxc2 Ne4 32. Nd8 Kg7 33. Nc6
a5 34. Qb2 b5 35. Qxb5 Nc3 36. Qxa5 Ne4 37. Qxd5 Nc3 38. Qc4 Ne4 39. a4 Nd6 40.
Qd5 Ne8 41. a5 h6 42. a6 Nc7 43. Qe5+ Kh7 44. Qxc7 h5 45. Qxf7+ Kh6 46. a7 Kg5
47. a8=Q Kh6 48. Qag8 Kg5 49. Qgxg6+ Kh4 50. Qf4# 1-0

[Event "DVM U14w 2020"]
[Site "Willingen GER"]
[Date "2021.06.27"]
[Round "7"]
[White "König, Pauline"]
[Black "Weyerer, Elea"]
[Result "1/2-1/2"]
[Termination "normal"]
[Board "9.4"]
[WhiteElo "1034"]
[BlackElo "768"]
[WhiteTeam "SV Multatuli Ingelheim e.V."]
[BlackTeam "SV Oberursel"]
[PlyCount "116"]
[WhiteFideId "34605789"]
[BlackFideId "34605770"]
[EventCountry "GER"]
[EventRounds "7"]
[EventType "team-swiss"]
[EventDate "2021.06.23"]

1. e4 d5 2. exd5 Qxd5 3. Nc3 Qd8 4. Nf3 c6 5. d4 Bf5 6. Be2 e6 7. O-O Nf6 8.
Bg5 Be7 9. h3 Nbd7 10. Re1 h6 11. Bf4 O-O 12. Bf1 Re8 13. Bd3 Bxd3 14. Qxd3 Nb6
15. Ne5 Nfd7 16. Qf3 Nxe5 17. dxe5 Nd7 18. Qg4 Bg5 19. Ne2 Nf8 20. Rad1 Qe7 21.
Ng3 Ng6 22. Nh5 Rad8 23. Rb1 Rd4 24. g3 f5 25. Qf3 Bxf4 26. Nxf4 Nxf4 27. gxf4
Qh4 28. Re3 Rxf4 29. Qg3 Rd8 30. Qxh4 Rxh4 31. Kg2 Rd2 32. Rc3 Re4 33. Rc5 b6
34. Rxc6 Rxe5 35. c3 Ree2 36. Kg3 Rxf2 37. Rxe6 f4+ 38. Kg4 Rxb2 39. Rxb2 Rxb2
40. Kxf4 Rxa2 41. Rc6 g5+ 42. Kg4 Ra4+ 43. Kh5 Rf4 44. Kxh6 g4 45. Rg6+ Kf8 46.
hxg4 a5 47. Rxb6 Rxg4 48. Ra6 a4 49. Kh5 Rc4 50. Kg5 Rxc3 51. Rxa4 Rc5+ 52. Kf4
Rc8 53. Kf3 Rc3+ 54. Ke4 Rc8 55. Rd4 Re8+ 56. Kd3 Re7 57. Rf4+ Rf7 58. Rxf7+
Kxf7 1/2-1/2